[Event "Ruhrgebiet Verbandsliga Gruppe 2 1819"]
[Site "Nordrheinwestfalen"]
[Date "2019.01.20"]
[Round "5.7"]
[White "Kantor, Daniel"]
[Black "Wenzel, Martin"]
[Result "1-0"]
[WhiteElo "1888"]
[BlackElo "1943"]
[PlyCount "63"]
[EventDate "2018.09.23"]
[EventType "team-tourn"]
[EventRounds "9"]
[EventCountry "GER"]
[SourceTitle "EXT 2022"]
[Source "ChessBase"]
[SourceDate "2021.10.06"]
[SourceVersion "1"]
[SourceVersionDate "2021.10.06"]
[SourceQuality "1"]
[WhiteTeam "Dortmund SV"]
[BlackTeam "Gladbeck SG"]
[WhiteTeamCountry "GER"]
[BlackTeamCountry "GER"]

1. e4 c6 2. d4 d5 3. Nc3 dxe4 4. Nxe4 Bf5 5. Ng3 Bg6 6. Nf3 Nd7 7. Bc4 e6 8. 0-0 Qc7 9. c3 Be7 10. Re1 0-0-0 11. b4 h5 12. a4 h4 13. Ne4 e5 14. b5 exd4 15. bxc6 Qxc6 16. Bb5 Qd5 17. c4 Qh5 18. c5 Ngf6 19. Nxf6 Bxf6 20. c6 Nb6 21. Bf4 Nd5 22. Qc1 Nxf4 23. cxb7+ Kb8 24. Qxf4+ Kxb7 25. Bc6+ Kxc6 26. Rac1+ Qc5 27. Rxc5+ Kxc5 28. Qc7+ Kd5 29. Ne5 Rc8 30. Qd7+ Kc5 31. Rc1+ Kb6 32. Qb5# 1-0

[Event "Dortmund Sparkassen op-B"]
[Site "Dortmund"]
[Date "2015.06.29"]
[Round "3"]
[White "Sherif, Malik"]
[Black "Kantor, Daniel"]
[Result "0-1"]
[WhiteElo "1576"]
[BlackElo "1754"]
[PlyCount "94"]
[EventDate "2015.06.27"]
[EventType "swiss"]
[EventRounds "9"]
[EventCountry "GER"]
[SourceTitle "CBM 167 Extra"]
[Source "ChessBase"]
[SourceDate "2015.09.14"]
[SourceVersion "1"]
[SourceVersionDate "2015.09.14"]
[SourceQuality "1"]

1. Nf3 d5 2. g3 c5 3. Bg2 Nc6 4. d4 cxd4 5. Nxd4 Nf6 6. 0-0 e5 7. Nxc6 bxc6 8. c4 Be7 9. Nc3 Bb7 10. Bg5 d4 11. Ne4 Nxe4 12. Bxe7 Qxe7 13. Bxe4 0-0 14. Qc2 g6 15. Qd2 c5 16. Bxb7 Qxb7 17. b3 a5 18. Rab1 Qb4 19. Rfd1 Kg7 20. Qb2 Rfb8 21. Qd2 Rb7 22. Qb2 Rab8 23. Qc2 Qb6 24. Rbc1 Qc6 25. Qd2 a4 26. bxa4 Qxa4 27. Qc2 Ra7 28. Qxa4 Rxa4 29. Rc2 Rbb4 30. Rdc1 f5 31. Kf1 e4 32. Ke1 Kf6 33. Kd2 Ke5 34. f3 e3+ 35. Kd1 f4 36. Ke1 Ra3 37. Kf1 Rba4 38. Ra1 Rc3 39. Rac1 Raxc4 40. Rxc3 Rxc3 41. Ra1 fxg3 42. hxg3 Ra3 43. Rc1 Kd5 44. Rc2 c4 45. Ke1 d3 46. exd3 cxd3 47. Rb2 Rc3 0-1